00581 2200229 4500001002100000005001500021008004100036020002200077035001900099041000700118082001000125090001600135100001600151700002000167245002900187260002400216300003000240500001100270650002400281990002300305990002300328INLIS00000000000460520241224112938241224||||||||| | ||| |||| || |  a978-602-1595-95-4 0010-1224004605 aid0 a610.3 a610.3 DWI k0 aDwi Budhi S0 aBhekita Suryani00aKamus Lengkap Kedokteran aJakartabPadic2016 a18,5x14 cm, iv, 422 hlm.; aCet. 1 0aKamus -- Kedokteran a05.17.01.01.04 001 a05.17.01.01.04 002